00366nam a2200145Ia 4500008004100000020001800041041000800059082001500067100001500082245003200097260003500129300000800164365001600172700003200188230718s9999 xx 000 0 und d a9789350042212 aeng a004.6bFER aFerraro R. aLocation Aware Applications c2011b Manning/Dreamtech Press a298 cRs.b499.00 aFerraro R. & Aktihanoglu M.